Turbulence (Record no. 5373)

000 -LEADER
fixed length control field 00511nam a2200205 i 4500
001 - CONTROL NUMBER
control field 5373
003 - CONTROL NUMBER IDENTIFIER
control field BD-DhUET
008 - FIXED-LENGTH DATA ELEMENTS--GENERAL INFORMATION
fixed length control field 750220s1975 nyua b 001 0 eng
020 ## - INTERNATIONAL STANDARD BOOK NUMBER
International Standard Book Number 0070290377
040 ## - CATALOGING SOURCE
Original cataloging agency DLC
Transcribing agency DLC
Modifying agency BD-DhUET
082 00 - DEWEY DECIMAL CLASSIFICATION NUMBER
Classification number 532.56
Item number HIN/1975
100 1# - MAIN ENTRY--PERSONAL NAME
Personal name Hinze, J. O.
245 00 - TITLE STATEMENT
Title Turbulence
250 ## - EDITION STATEMENT
Edition statement 2nd ed.
260 ## - PUBLICATION, DISTRIBUTION, ETC. (IMPRINT)
Place of publication, distribution, etc. New York
Name of publisher, distributor, etc. McGraw-Hill
Date of publication, distribution, etc. 1975
300 ## - PHYSICAL DESCRIPTION
Extent x,790p.
Other physical details ill.
Dimensions 24 cm.
490 0# - SERIES STATEMENT
Series statement McGraw-Hill series in mechanical engineering
650 #0 - SUBJECT ADDED ENTRY--TOPICAL TERM
Topical term or geographic name as entry element Turbulence
942 ## - ADDED ENTRY ELEMENTS (KOHA)
Koha item type General Book
Holdings
Piece designation (barcode) Location (home branch) Shelving location Koha item type Price effective from Koha date last seen Not for loan Copy number Date acquired Koha normalized classification for sorting Koha issues (times borrowed) Withdrawn status Source of classification or shelving scheme Sublocation or collection (holding branch) Lost status Koha full call number Damaged status Koha date last borrowed
63813Central Library, BUETCirculation sectionGeneral Book2014-11-262014-11-26 12014-11-26532_560000000000000_HIN_1975   Central Library, BUET 532.56/HIN/1975  
63816Central Library, BUETCirculation sectionGeneral Book2014-11-262014-11-26 22014-11-26532_560000000000000_HIN_1975   Central Library, BUET 532.56/HIN/1975  
44334Central Library, BUETCirculation sectionGeneral Book2014-12-072014-12-07 32014-12-07532_560000000000000_HIN_1975   Central Library, BUET 532.56/HIN/1975  
63807Central Library, BUETCirculation sectionGeneral Book2014-12-072014-12-07 42014-12-07532_560000000000000_HIN_1975   Central Library, BUET 532.56/HIN/1975  
63812Central Library, BUETCirculation sectionGeneral Book2014-12-072015-03-29 52014-12-07532_560000000000000_HIN_19751  Central Library, BUET 532.56/HIN/1975 2015-03-25
63805Central Library, BUETCirculation sectionGeneral Book2014-12-072014-12-07 62014-12-07532_560000000000000_HIN_1975   Central Library, BUET 532.56/HIN/1975  
63810Central Library, BUETCirculation sectionGeneral Book2014-12-072014-12-07 72014-12-07532_560000000000000_HIN_1975   Central Library, BUET 532.56/HIN/1975  
63808Central Library, BUETCirculation sectionGeneral Book2014-12-072014-12-07 82014-12-07532_560000000000000_HIN_1975   Central Library, BUET 532.56/HIN/1975  
63809Central Library, BUETCirculation sectionGeneral Book2014-12-072014-12-07 92014-12-07532_560000000000000_HIN_1975   Central Library, BUET 532.56/HIN/1975  
63806Central Library, BUETCirculation sectionGeneral Book2014-12-072023-02-28 102014-12-07532_560000000000000_HIN_19751  Central Library, BUET 532.56/HIN/1975 2022-11-14
63815Central Library, BUETCirculation sectionGeneral Book2014-12-072015-09-14 112014-12-07532_560000000000000_HIN_19751  Central Library, BUET 532.56/HIN/1975 2015-05-26
39158Central Library, BUETCirculation sectionGeneral Book2015-03-092015-03-09 122015-03-09532_560000000000000_HIN_1975   Central Library, BUET 532.56/HIN/1975  
58968Central Library, BUETReading sectionReading Item2015-06-072015-06-07 132015-06-07532_560000000000000_HIN_1975   Central Library, BUET 532.56/HIN/1975  
60653Central Library, BUETReading sectionReading Item2015-06-072015-06-07 142015-06-07532_560000000000000_HIN_1975   Central Library, BUET 532.56/HIN/1975  
52729Central Library, BUETReading sectionReading Item2015-06-232015-06-23 152015-06-23532_560000000000000_HIN_1975   Central Library, BUET 532.56/HIN/1975  
63811Central Library, BUETCirculation sectionGeneral Book2024-11-162024-11-27 161985-06-29532_560000000000000_HIN_19751  Central Library, BUET 532.56 HIN/1975 2024-11-27
 Central Library, BUET General Book2024-11-162024-11-16  2024-11-16532_560000000000000_HIN_1975   Central Library, BUET 532.56 HIN/1975  
39159Central Library, BUETCirculation sectionGeneral Book2024-11-162024-11-16 182025-09-03532_560000000000000_HIN_1975   Central Library, BUET 532.56 HIN/1975